Statistics for UK History Picture Quiz - O

Click here to take the quiz!

General Stats

  • This quiz has been taken 191 times
  • The average score is 9 of 15

Answer Stats

Answer% Correct
Oxford
100%
On the {Origin} of Species
93%
William of {Orange}
91%
Oasis
87%
Oliver
85%
{Opium} Wars
81%
Orkney
76%
{Old} Firm
75%
Omagh
48%
{Oast} House
42%
{Offa's} Dyke
40%
{Osborne} House
36%
Oban
30%
{Oaks} Stakes
21%
{Oulton} Park
14%

Score Distribution

Percentile by Number Answered

Percent of People with Each Score

Your Score History

You have not taken this quiz